Представление документа в формате RUSMARC

ПолеНазваниеЗначение
  Тип записи a
  Библиографический уровень m
001 Контрольный номер admiBOOK00015035
005 Дата корректировки 20140508173839.9
010 Индекс ISBN __
a ISBN 5-9614-0240-1
d Цена 260.00
100 Данные общей обработки __
a Данные общей обработки 19020215 |||y0 y0189 ca
101 Язык документа __
a Язык текста rus
105 Кодированные данные (монография) __
a Кодированные данные (монография) zy
200 Заглавие и сведения об ответственности 0_
a Заглавие Медиагиганты: Как крупнейшие медиакомпании выживают на рынке и борются за лидерство
f Первые сведения об ответственности Марк Тангейт; Пер. с англ.
210 Выходные данные __
a Место издания М
c Издательство Альпина Бизнес Букс
d Дата издания 2006
215 Физическое описание __
a Объем 252с.
606 Тематические рубрики __
a Основная рубрика Средства массовой информации
610 Ключевые слова __
a Ключевые слова Средства массовой информации
a Ключевые слова Медиакомпании
a Ключевые слова Телевещатели
a Ключевые слова СМИ
a Ключевые слова CNN
a Ключевые слова СНН
a Ключевые слова BBC
a Ключевые слова MTV
a Ключевые слова Газеты
a Ключевые слова Журналы
a Ключевые слова Информационные агенства
675 Индекс УДК __
a Индекс УДК 070;65.011
686 Индексы других классификаций __
a Классификационный индекс 76.0
700 Автор _1
a Фамилия Тангейт
b Имя М.
852 Данные о местонахождении __
c Местонахождение стеллажа 76.0
j Шифр хранения 76
852 Данные о местонахождении __
b Сигла хранения ЧЗ_1
t Номер экземпляра 1
i Авторский знак Т18
p Инвентарный номер 138570
901 Тип документа __
t Тип документа m
911 __
u 952a=Учебное пособие
u 952p=1703
938 Служебная информация __
a Название организации Саранский филиал
b Имя БД OUTPUT.MRC_Саранск
c Название АИБС АИБС Библиотека